Представление документа в формате MARC21

Поле Инд. ПП Название Значение
Тип записи a
Библиографический уровень b
001 Контрольный номер RU/IS/BASE/129389932
005 Дата корректировки 20200522190822.1
084 a Индекс другой классификации/Индекс ББК 87.25
100 1_ a Автор Мамчур Е. А.
245 a Заглавие Идеалы единства и простоты в современном научном познании
504 a Библиография Библиогр. ссылки. - Примеч.
650 a Основная рубрика наука
a Основная рубрика философия
a Основная рубрика философия науки
653 a Ключевые слова единство научного знания
a Ключевые слова идея струн
a Ключевые слова классическая наука
a Ключевые слова методология науки
a Ключевые слова научное знание
a Ключевые слова научное познание
a Ключевые слова неклассическая наука
a Ключевые слова принципы научного знания
a Ключевые слова простота научного знания
a Ключевые слова физика
a Ключевые слова электродинамика
773 t Заглавие источника Вопросы философии
d Дата издания источника 2003
g Прочая информация № 12. - С. 100 - 112
w Контрольный № источника RU/IS/BASE/126629149
901 t Тип документа b